La medicina y los médicos en las obras de Torres Villarroel / (Record no. 128204)

MARC details
000 -LEADER
campo de control de longitud fija 00667nam a2200205 i 4500
001 - NÚMERO DE CONTROL
campo de control 128204
003 - IDENTIFICADOR DE NÚMERO DE CONTROL
campo de control ES-MaACL
005 - FECHA Y HORA DE LA ÚLTIMA TRANSACCIÓN
campo de control 20250707073850.0
007 - CAMPO FIJO DE DESCRIPCIÓN FÍSICA--INFORMACIÓN GENERAL
campo de control de longitud fija t|
008 - DATOS DE LONGITUD FIJA--INFORMACIÓN GENERAL
campo de control de longitud fija 070625s1952 sp ||||1| spa d
080 ## - NÚMERO DE LA CLASIFICACIÓN DECIMAL UNIVERSAL
Número de la Clasificación Decimal Universal 61 (Torres Villarroel, Diego de)
100 1# - ENTRADA PRINCIPAL--NOMBRE DE PERSONA
Nombre de persona Granjel, Luis S.
9 (RLIN) 59645
245 13 - MENCIÓN DEL TÍTULO
Título La medicina y los médicos en las obras de Torres Villarroel /
Mención de responsabilidad, etc. Luis S. Granjel.
260 ## - PUBLICACIÓN, DISTRIBUCIÓN, ETC.
Lugar de publicación, distribución, etc. Salamanca :
Nombre del editor, distribuidor, etc. Universidad,
Fecha de publicación, distribución, etc. 1952.
300 ## - DESCRIPCIÓN FÍSICA
Extensión 81 p. ;
Dimensiones 24 cm.
490 1# - MENCIÓN DE SERIE
Mención de serie Acta Salmanticensia. Medicina ;
Designación de volumen o secuencia I, 6
830 00 - PUNTO DE ACCESO ADICIONAL DE SERIE-TÍTULO UNIFORME
Título uniforme Acta Salmanticensia. Medicina
Designación de volumen o secuencia I, 6
9 (RLIN) 182112
852 ## - LOCALIZACIÓN
Ubicación ES-MaACL
Número de control de estantería 1977-F-23
Sublocalización o colección R.38502
Holdings
Estatus retirado Estado de pérdida Estado de daño No para préstamo Colección Biblioteca de origen Biblioteca actual Ubicación en estantería Fecha de adquisición Fuente de adquisición Total de préstamos Signatura topográfica completa Código de barras Visto por última vez Precio de reemplazo Tipo de ítem Koha
        Colección de folletos Biblioteca del Ateneo de Madrid Biblioteca del Ateneo de Madrid Depósito folletos 17/01/2008     1977-F-23 1133530 23/02/2023 23/02/2023 Folleto